Steven Universe Characters - Statistics

General Stats
  • This quiz has been taken 80 times
  • The average score is 36 of 60
Answer Stats
Hint Character % Correct
Titular character; half-Gem, half-human Steven Universe
100%
Current de facto leader of the Crystal Gems Garnet
98%
Playful but insecure Crystal Gem formed in the Kindergarten Amethyst
93%
Former rockstar; father of the titular character Greg Universe
93%
Knowledgeable, overprotective Crystal Gem Pearl
93%
Original leader of the Crystal Gems; the mother of the titular character Rose Quartz
93%
Water-based Gem trapped in a mirror for millenia Lapis Lazuli
92%
Love interest of the titular character Connie Maheswaran
90%
Recurring feline sidekick of the titular character Lion
90%
Intelligent, previously villainous Gem who became an ally Peridot
88%
Original Crystal Gem who forges weapons Bismuth
86%
Ex-employee of the Big Donut; lead singer of a rock band Sadie Miller
85%
Emotional, one-eyed Gem with ice powers and future vision Sapphire
85%
Short-tempered Gem dubbed an "eternal flame" Ruby
83%
Angsty teenager; employee of the Big Donut Laramie "Lars" Barriga
80%
Silent, mysterious child; has interest in G.U.Y.S. action figures Onion
71%
Manages the blog Keep Beach City Weird Ronaldo Fryman
68%
One of the "Cool Kids"; has interest in DJing and lights Sour Cream
68%
Very emotional ruler of Homeworld Blue Diamond
64%
Short-tempered, stubborn ruler of Homeworld Yellow Diamond
64%
5-Gem fusion of all the Crystal Gems Obsidian
63%
Childish, abused, lesser ruler of Homeworld Pink Diamond
63%
3/4th Gem and 1/4th human fusion with a yo-yo Smoky Quartz
63%
Manipulative ruler of Homeworld White Diamond
63%
Silent Gem who enjoys drawing and serves the above Blue Pearl
61%
Gem left behind for millenia Spinel
61%
Owner of Beach City Funland amusement park Mr. Smiley
59%
3/4th Gem and 1/4th human fusion with an umbrella Rainbow Quartz 2.0
59%
4-Gem fusion that breathes fire Alexandrite
58%
Mailman enthusiastic about acting Jamie
58%
3-Gem fusion with a talk show in her room Sardonyx
58%
1/4th Gem and 3/4th human fusion dubbed "an experience" Stevonnie
58%
Sassy Gem who serves the above Yellow Pearl
58%
Villainous, aquatic, unstable 2-Gem fusion Malachite
56%
Strict, controlled Gem with a missing eye White Pearl / Pink Pearl
56%
Responsible employee of Fish Stew Pizza; twin sister of above Kiki Pizza
54%
Owner of Beach Citywalk Fries Mr. Fryman
54%
Villainous Gem, insisting on getting revenge Jasper
53%
Ex-mayor of Beach City; current Big Donut employee William "Bill" Dewey
53%
Easy-going teen; one of the "Cool Kids" Jenny Pizza
51%
Silent fisherman, often out at sea Yellowtail
51%
Ex-rockstar; painter Vidalia
49%
3-Gem fusion that destroyed the Gem Communication Hub twice Sugilite
47%
5/6th Gem and 1/6th human fusion that breaks the fourth wall Sunstone
47%
Employee of Beach City postal service Barbara Miller
46%
Fish Stew Pizza cook; Current Beach City mayor Nanefua Pizza
46%
1/4th Gem and 3/4th human fusion that performs in a rock show Steg
46%
Leisurely 6-Gem fusion Fluorite
44%
Anxious 2-Gem fusion Rhodonite
44%
Ex-employee of Beach Citywalk Fries; Hot 2 Tot owner Peedee Fryman
42%
2-Gem fusion only seen in song recording Rainbow Quartz
42%
2-Gem fusion that almost never speaks whenever she appears Opal
41%
Rude teenager that strives to impress others and be cool Kevin
39%
Owner of Fish Stew Pizza Kofi Pizza
39%
2-headed forced Gem fusion Rutile Twins
37%
A centipede-like corrupted Gem Centipeedle Mother / Nephrite
36%
A police officer, husband, and father who seems unfit to drive Doug Maheswaran
34%
Doctor and previously overprotective mother Dr. Priyanka Maheswaran
34%
Faithful to his parents' barn out in the country Andy DeMayo
31%
Gem with the power to predict the past Padparascha
14%
No matching quizzes found
Score Distribution
Percent of People with Each Score
Percentile by Number Answered
Your Score History
You have not taken this quiz